| 000 | 00439nam a2200157 a 4500 | ||
|---|---|---|---|
| 001 | 000009960 | ||
| 005 | 20200929161759.0 | ||
| 008 | 091002s1988 dr ac 000 0 spa d | ||
| 040 | _aDO-SdBNP | ||
| 082 |
_axxx _bV494n |
||
| 100 | 1 |
_aVergara, María Angela _924906 |
|
| 245 | 1 | 0 |
_aNuevas pinceladas / _cMaría Angela Vergara. |
| 260 |
_aSanto Domingo : _bAmigo del Hogar, _c1988. |
||
| 300 |
_a73 p. : _bil., retr. ; _c24 cm. |
||
| 049 | _aBNPD | ||
| 999 |
_c9719 _d9719 |
||